02459nam a22003257a 4500003000900000005001700009007000300026008003100029020001800060040003000078082002700108100003900135245015500174250000600329264010400335300005600439336002700495337003500522338002900557504003900586505114500625590002601770651004801796651005601844700004301900910004001943942001201983952012101995999001702116DO-SdBPM20251013121510.0ta161031b2024 pr a 00| 0 spa d a9781944352530 aDO-SdBPMbspacBPMSUerda 4a972.95bC921L 20242221 a Crespo-Armáiz, Jorge L.eautor 00a La linterna mágica : bPuerto Rico a través de vistas en cristal (1834-1930) / cJorge L. Crespo Armáiz ; prólogo Libia González López a  aSan Juan, Puerto Rico : bFundación Luis Muñoz Marían;b Colectivo Editorial Luscinia, c2024 a221 páginas : bilustración, retrato ;c23 cm.  atextobtxt2rdacontent asin mediación bn2rdamedia  avolumen bnc2rdacarrier aBibliografía : páginas 220-2210 aMensaje del director de la Fundación Luis Muñoz Marín. Dr. Javier Alemán Iglesias, 9.-- Prefacio, 11.-- Listado de abreviaturas, 13.-- Prólogo : La imagen fantástica : del coleccionismo a la historia. Dra. Libia González López, 15.-- La "linterna mágica" : orígenes y evolución / De la cámara oscura a la imagen fija, 19.-- La laterna magika y la imagen proyectada, 21.-- Las fantasmagorías, 23.-- Movimientos mecánicos, 24.-- Fotografía, electricidad y masificación, 25.-- Impacto cultural y educativo de la linterna mágica, 26.-- La linterna mágica en Puerto Rico, 27.-- La Colección Jorge L. Crespo Armáiz, 35.-- Proyectando al subalterno : altruismo y discurso colonial a través de la colección de vistas en cristal de la iglesia presbiteriana (ca. 1925), 43.-- La Colección José A. Hernández-Mayoral, 59.-- Entre grietas y sombras : el paso del tiempo y el olvido sobre las imágenes en cristal. Dr. José Orlando Sued, 65.-- Epílogo, 71.-- Galería I : Colección Jorge L. Crespo Armáiz, 75.-- Galería II : Colección José A. Hernández-Mayoral, 159.-- Referencias, 220. aInventariado, 2025/VM 7aPuerto RicoxHistoriaySiglos XIX-XX v z  7aPuerto RicoxHistoria en gráficas ySiglos XIX-XX1 aGonzález López, Libiaeprólogo  aVMateo V. Control de calidad. BPMSU 2ddccBK 00102ddc708CGaBPMETbBPMETd2025-10-13l0oBPMSU CG 972.95 C921L 2024pBPMSU25100028r2025-10-13w2025-10-13yBK c15434d15434